004830000a2200133000450024501340000065000180013465000140015265000210016665000320018765300280021904100130024710000200026077300690028010aReview of the genus Hypothyris hübner (), with descriptions of three new subspecies and early stages of H. Daphnis14aEntomología14aMariposas14aBiosistemática14aDistribución geográfica fNymphalidaegHypothyris0 aInglés1 aBrown, Keith S.1 tJournal of the Lepidopterists Society3547h2q152-172d1980g34